000 00508nam a22001697a 4500
005 20251108164133.0
008 250721s1988 xx 000 0 ara d
082 1 4 _a210.4/أمي
100 1 _aأمين، حسين أحمد
245 1 0 _aالإسلام في عالم متغير و مقالات إسلامية أخرى /
264 1 _aالقاهرة :
_bمكتبة مدبولي،
_c1988.
300 _a334 ص
650 1 7 _aالإسلام
650 1 7 _aالمقالات
942 _2ddc
_cBK
999 _c4579
_d4579